Normal view
MARC view
Entry Nombre corporativo
001 - NÚMERO DE CONTROL
- campo de control: 20921
003 - IDENTIFICADOR DEL NÚMERO DE CONTROL
- campo de control: OSt
005 - FECHA Y HORA DE LA ÚLTIMA TRANSACCIÓN
- campo de control: 20190925160913.0
008 - DATOS DE LONGITUD FIJA
- campo de control de longitud fija: 190925|| aca||aabn | a|a d
040 ## - FUENTE DE LA CATALOGACIÓN
- Centro catalogador/agencia de origen: OSt
- Centro/agencia transcriptor: OSt
110 ## - ENCABEZAMIENTO-NOMBRE DE ENTIDAD CORPORATIVA
- Nombre de entidad corporativa o nombre de jurisdicción como elemento de entrada: Congreso de la República (Perú)
- Unidad subordinada: Comisión de Descentralización, Regionalización,
- Unidad subordinada: Gobiernos Locales y Modernización de la Gestión del Estado
670 ## - FUENTE DE DATOS ENCONTRADOS
- Cita de la fuente: Work cat.: (OSt)7419: Congreso de la República (Perú) Comisión de Descentralización, Regionalización, Gobiernos Locales y Modernización de la Gestión del Estado, Para relanzar el proceso de descentralización :, 2016.